000 00523cam a22001697a 4500
008 180718b1992 xxu||||| |||| 00| 0 eng d
020 _a0195631641
082 _aY7x54 G25
245 _aNature guides: common butterflies of India
_cby Thomas Gay, Isaac David Kehimkar and Jagdish Chandra Punetha
260 _aOxford
_bOxford Univ. Press
_c1992
300 _a67p.
650 _aButterflies
650 _aInsects - India
700 _aPunetha, Jagdish Chandra
700 _aKehimkar, Isaac David
700 _aGay, Thomas
999 _c400345
_d400345